| 000 | 01629nam a2200373Ia 4500 | ||
|---|---|---|---|
| 001 | ebr10599301 | ||
| 003 | CaPaEBR | ||
| 006 | m u | ||
| 007 | cr cn||||||||| | ||
| 008 | 900614s1990 gw a sb 100 0 eng d | ||
| 010 | _z 90003845 | ||
| 020 | _z0899256988 (N.Y. : cloth : alk. paper) | ||
| 020 | _z3110124890 (Berlin : cloth : alk. paper) | ||
| 020 | _z9783110124897 | ||
| 020 | _z9783110856040 | ||
| 040 |
_aCaPaEBR _cCaPaEBR |
||
| 035 | _a(OCoLC)815507634 | ||
| 050 | 1 | 4 |
_aQA387 _b.A666 1990eb |
| 245 | 0 | 4 |
_aThe analytical and topological theory of semigroups _h[electronic resource] : _btrend and developments / _ceditors, Karl Heinrich Hofmann, Jimmie D. Lawson, John S. Pym. |
| 260 |
_aBerlin ; _aNew York : _bW. de Gruyter, _c1990. |
||
| 300 |
_aviii, 398 p. : _bill. |
||
| 440 | 0 |
_aDe Gruyter expositions in mathematics ; _v1 |
|
| 500 | _aBased on a conference held Jan. 30-Feb. 4, 1989, hosted by the Mathematisches Forschungsinstitut Oberwolfach. | ||
| 504 | _aIncludes bibliographical references. | ||
| 533 |
_aElectronic reproduction. _bPalo Alto, Calif. : _cebrary, _d2011. _nAvailable via World Wide Web. _nAccess may be limited to ebrary affiliated libraries. |
||
| 650 | 0 |
_aTopological semigroups _vCongresses. |
|
| 650 | 0 |
_aTopological groups _vCongresses. |
|
| 655 | 7 |
_aElectronic books. _2local |
|
| 700 | 1 | _aHofmann, Karl Heinrich. | |
| 700 | 1 | _aLawson, Jimmie D. | |
| 700 | 1 |
_aPym, J. S. _q(John Sydney), _d1938- |
|
| 710 | 2 | _aebrary, Inc. | |
| 856 | 4 | 0 |
_uhttp://site.ebrary.com/lib/rucke/Doc?id=10599301 _zAn electronic book accessible through the World Wide Web; click to view |
| 999 |
_c109869 _d109869 |
||